[Event "27th Czech Open A 2016"]
[Site "Pardubice CZE"]
[Date "2016.07.25"]
[Round "4.86"]
[White "Krapivin, Vladislav"]
[Black "Pychova, Nela"]
[Result "1-0"]
[WhiteTitle "IM"]
[BlackTitle "WFM"]
[WhiteElo "2318"]
[BlackElo "2036"]
[WhiteFideId "4126149"]
[BlackFideId "351369"]
[EventDate "2016.07.22"]

1. e4 c6 2. c4 d5 3. exd5 cxd5 4. cxd5 Nf6 5. Nc3 Nbd7 6. Nf3 g6 7. Bc4 Nb6 8.
d3 Bg7 9. Qb3 O-O 10. O-O Ne8 11. Re1 Nd6 12. Bf4 Bf5 13. Rac1 Rc8 14. Nd2 h6
15. h3 g5 16. Be5 Bxe5 17. Rxe5 Nd7 18. Re3 Bg6 19. Nf3 Nf5 20. Ree1 Rb8 21. d4
Nd6 22. Bf1 f6 23. g3 b5 24. Bg2 Bf7 25. Nh2 h5 26. Nf1 a6 27. Ne3 Bg6 28. Qd1
a5 29. Qe2 Rf7 30. Nc2 Kh8 31. Ne4 Bxe4 32. Bxe4 Nxe4 33. Qxe4 Kg7 34. Ne3 Nb6
35. Rc5 Nc8 36. Nf5+ Kf8 37. Rc6 b4 38. Qe6 Na7 39. Ra6 Nb5 40. Rc6 Na7 41. Rc5
Nc8 42. Rec1 Nb6 43. Rb5 1-0

[Event "27th Czech Open A 2016"]
[Site "Pardubice CZE"]
[Date "2016.07.25"]
[Round "4.87"]
[White "ter Stal, Rainer"]
[Black "Nun, Jiri"]
[Result "1/2-1/2"]
[BlackTitle "IM"]
[WhiteElo "2172"]
[BlackElo "2317"]
[WhiteFideId "12993603"]
[BlackFideId "300179"]
[EventDate "2016.07.22"]

1. d4 c5 2. d5 g6 3. e4 Bg7 4. Nf3 d6 5. Be2 Na6 6. O-O Nc7 7. a4 Nf6 8. Nc3 b6
9. Re1 O-O 10. Nd2 Nfe8 11. Nc4 f5 12. Bf3 Ba6 13. Ne3 f4 14. Nf1 Be5 15. Be2
Bxe2 16. Qxe2 Nf6 17. Nd2 Nd7 18. Ra3 Qe8 19. Nb5 Qc8 20. Nxc7 Qxc7 21. Qg4 Rf6
22. Rh3 Nf8 23. Nf3 Qd7 24. Nxe5 dxe5 25. Qg5 Qd6 26. Bd2 Nd7 27. Bc3 Raf8 28.
Rd1 1/2-1/2

[Event "27th Czech Open A 2016"]
[Site "Pardubice CZE"]
[Date "2016.07.25"]
[Round "4.88"]
[White "Oberhofer, Cedric"]
[Black "Nemeth, Zoltan"]
[Result "1/2-1/2"]
[BlackTitle "IM"]
[WhiteElo "2091"]
[BlackElo "2310"]
[WhiteFideId "12941220"]
[BlackFideId "700657"]
[EventDate "2016.07.22"]

1. d4 d5 2. c4 e6 3. Nf3 Nf6 4. g3 Be7 5. Bg2 O-O 6. O-O b6 7. Nc3 Bb7 8. Ne5
Nbd7 9. Bf4 c6 10. e4 Nxe5 11. dxe5 Nxe4 12. Nxe4 dxe4 13. Bxe4 Qxd1 14. Raxd1
Rfd8 15. Be3 h6 16. b3 Kf8 17. f4 Bb4 18. Kf2 Ke8 19. Ke2 Rac8 20. Rxd8+ Rxd8
21. Rd1 Rc8 22. Kf2 Rc7 23. g4 Bc3 24. Rc1 Bb2 25. Rb1 Bc3 26. Rc1 Bb2 27. Rb1
Bc3 1/2-1/2

[Event "27th Czech Open A 2016"]
[Site "Pardubice CZE"]
[Date "2016.07.25"]
[Round "4.89"]
[White "Sazonova, Anastasia"]
[Black "Hemant, Sharma2"]
[Result "0-1"]
[WhiteTitle "WFM"]
[WhiteElo "2086"]
[BlackElo "2299"]
[WhiteFideId "24131008"]
[BlackFideId "5025842"]
[EventDate "2016.07.22"]

1. d4 c5 2. d5 f5 3. c4 Nf6 4. Nc3 g6 5. g3 d6 6. Bg2 Bg7 7. Nh3 Nbd7 8. Nf4 Ne5
9. Qb3 O-O 10. h4 h6 11. O-O Rb8 12. Bd2 Bd7 13. Rad1 a6 14. a4 b6 15. Qa2 Qe8
16. b3 g5 17. hxg5 hxg5 18. Nh3 Nh7 19. Bxg5 Nxg5 20. Nxg5 Qh5 21. Nf3 Qh8 22.
Nb1 f4 23. Nbd2 Ng4 24. gxf4 Rxf4 25. e3 Rf7 26. Rfe1 Rbf8 27. Qc2 Qh5 28. Kf1
Ne5 29. Ke2 Nxf3 30. Bxf3 Rxf3 31. Nxf3 Rxf3 32. Rh1 Rh3+ 0-1

[Event "27th Czech Open A 2016"]
[Site "Pardubice CZE"]
[Date "2016.07.25"]
[Round "4.90"]
[White "Olson, Hamish"]
[Black "Kulkarni, Rakesh"]
[Result "0-1"]
[WhiteElo "2068"]
[BlackElo "2296"]
[WhiteFideId "2404257"]
[BlackFideId "5037077"]
[EventDate "2016.07.22"]

1. Nf3 Nf6 2. g3 d5 3. Bg2 c6 4. O-O Bf5 5. d3 e6 6. c4 Nbd7 7. Nc3 Be7 8. cxd5
exd5 9. Qc2 h6 10. e4 Bg6 11. Nh4 Bh7 12. Nf5 Bxf5 13. exf5 O-O 14. d4 Bd6 15.
Be3 Ng4 16. Bd2 Re8 17. Rad1 Qb6 18. Bc1 Re7 19. Qd3 Rae8 20. Qf3 Ngf6 21. g4
Ne4 22. h4 f6 23. Qh3 Nxc3 24. bxc3 Qc7 25. g5 Bf4 26. c4 Bxc1 27. Rxc1 dxc4 28.
d5 Nb6 29. dxc6 bxc6 30. gxf6 gxf6 31. Qg3+ Rg7 32. Qxc7 Rxc7 33. a4 Re5 34.
Rfe1 Rxe1+ 35. Rxe1 Nxa4 36. Re6 Kg7 37. Rd6 c3 38. Rd4 Nb6 0-1

[Event "27th Czech Open A 2016"]
[Site "Pardubice CZE"]
[Date "2016.07.26"]
[Round "5.1"]
[White "Gutman, Gennadi"]
[Black "Movsesian, Sergei"]
[Result "0-1"]
[WhiteTitle "GM"]
[BlackTitle "GM"]
[WhiteElo "2473"]
[BlackElo "2666"]
[WhiteFideId "14102277"]
[BlackFideId "310204"]
[EventDate "2016.07.22"]

1. d4 Nf6 2. c4 e6 3. Nc3 Bb4 4. f3 c5 5. d5 O-O 6. e4 d6 7. Ne2 a6 8. Ng3 b5 9.
Be2 bxc4 10. O-O Bxc3 11. bxc3 exd5 12. exd5 Nbd7 13. Bg5 h6 14. Bxf6 Qxf6 15.
Qd2 Nb6 16. a4 a5 17. Rfb1 Rb8 18. Rb5 Qd8 19. Rxa5 Nxd5 20. Rb5 Rxb5 21. axb5
Nb6 22. Ne4 d5 23. Nxc5 Qe8 24. Ra5 Qe7 25. Na6 d4 26. Bf1 d3 27. Qf2 Qf6 28.
Ra2 Nd5 29. Ra4 Qxc3 30. Nc5 d2 31. Ne4 d1=Q 32. Nxc3 Nxc3 33. Rxc4 Nxb5 34. Qc5
Bd7 35. Rc1 Qa4 36. Rb1 Rc8 37. Qb6 Nc3 38. Re1 Nd5 39. Qd6 Nf6 0-1

[Event "27th Czech Open A 2016"]
[Site "Pardubice CZE"]
[Date "2016.07.26"]
[Round "5.2"]
[White "Laznicka, Viktor"]
[Black "Zakhartsov, Vladimir"]
[Result "1-0"]
[WhiteTitle "GM"]
[BlackTitle "IM"]
[WhiteElo "2654"]
[BlackElo "2429"]
[WhiteFideId "316385"]
[BlackFideId "4145097"]
[EventDate "2016.07.22"]

1. d4 Nf6 2. c4 e6 3. Nf3 b6 4. g3 Ba6 5. Nbd2 c5 6. Bg2 Bb7 7. O-O cxd4 8. Nxd4
Bxg2 9. Kxg2 Qc7 10. e4 Qb7 11. f3 d6 12. a4 Be7 13. a5 O-O 14. Qa4 a6 15. axb6
Rc8 16. N2b3 Nbd7 17. Na5 Qxb6 18. Ndc6 Bf8 19. b4 Nb8 20. Nxb8 Raxb8 21. Bd2
Qd4 22. Ra2 Qd3 23. Rf2 Rc7 24. Ra3 Qb1 25. Rb3 Qc2 26. Be3 Qd1 27. Qa2 d5 28.
Rf1 Qxb3 29. Qxb3 dxc4 30. Qc3 Rxb4 31. Rd1 Rc8 32. Rd4 Rcb8 33. Rxc4 Rb2+ 34.
Kh3 Ra2 35. Nc6 Rbb2 36. Bg1 Rb5 37. Ne5 Raa5 38. f4 Ra3 39. Qd2 Rb8 40. Nd7 1-0

[Event "27th Czech Open A 2016"]
[Site "Pardubice CZE"]
[Date "2016.07.26"]
[Round "5.3"]
[White "Ladva, Ottomar"]
[Black "Kravtsiv, Martyn"]
[Result "1/2-1/2"]
[WhiteTitle "IM"]
[BlackTitle "GM"]
[WhiteElo "2443"]
[BlackElo "2631"]
[WhiteFideId "4500024"]
[BlackFideId "14113147"]
[EventDate "2016.07.22"]

1. d4 Nf6 2. c4 e6 3. g3 d5 4. Bg2 Be7 5. Nf3 O-O 6. O-O dxc4 7. Qc2 a6 8. a4 c5
9. dxc5 Bxc5 10. Nbd2 b5 11. axb5 Bb7 12. b6 Nbd7 13. Nxc4 Nxb6 14. Na5 Qc8 15.
Ne1 Bxg2 16. Kxg2 Bb4 17. Qxc8 Rfxc8 18. Nd3 Bf8 19. Be3 Nbd5 20. Bd4 Nb4 21.
Nxb4 1/2-1/2

[Event "27th Czech Open A 2016"]
[Site "Pardubice CZE"]
[Date "2016.07.26"]
[Round "5.4"]
[White "Duzhakov, Ilya"]
[Black "Demidov, Mikhail"]
[Result "1/2-1/2"]
[WhiteTitle "FM"]
[BlackTitle "IM"]
[WhiteElo "2404"]
[BlackElo "2514"]
[WhiteFideId "4192516"]
[BlackFideId "4197143"]
[EventDate "2016.07.22"]

1. d4 Nf6 2. c4 e6 3. Nf3 b6 4. g3 Bb7 5. Bg2 Bb4+ 6. Bd2 Be7 7. O-O O-O 8. Nc3
d5 9. Ne5 c6 10. Bf4 Nh5 11. Bc1 Nf6 12. Bf4 Nh5 13. Bc1 Nf6 14. e4 Na6 15. Bf4
Rc8 16. Rc1 dxc4 17. Nxc4 b5 18. Ne5 Qb6 19. Be3 c5 20. d5 Nc7 21. b4 Na6 22. a4
exd5 23. exd5 Qd6 24. Bf4 cxb4 25. Nxb5 Rxc1 26. Qxc1 Qb6 27. d6 Bxd6 28. Nc4
Bxf4 29. Qxf4 Bxg2 30. Nxb6 Bxf1 31. Nxa7 Be2 32. Qd2 Re8 33. Nc6 Bf3 34. Nd4
Bb7 35. f3 h6 36. Nc4 Rd8 37. Qb2 Nd5 38. Na5 Nc3 39. Nxb7 Rxd4 40. Kg2 Rd7 41.
Na5 Nxa4 42. Qe2 1/2-1/2

[Event "27th Czech Open A 2016"]
[Site "Pardubice CZE"]
[Date "2016.07.26"]
[Round "5.5"]
[White "Potapov, Alexander1"]
[Black "Ponizil, Cyril"]
[Result "0-1"]
[WhiteTitle "GM"]
[BlackTitle "IM"]
[WhiteElo "2401"]
[BlackElo "2510"]
[WhiteFideId "4115074"]
[BlackFideId "322202"]
[EventDate "2016.07.22"]

1. d4 Nf6 2. c4 g6 3. Nc3 d5 4. cxd5 Nxd5 5. e4 Nxc3 6. bxc3 Bg7 7. Qa4+ Nd7 8.
Nf3 O-O 9. Be2 c5 10. O-O e5 11. Bg5 Qc7 12. d5 f5 13. Be7 Nb6 14. d6 Nxa4 15.
Bc4+ Kh8 16. dxc7 Re8 17. Rad1 Rxe7 18. Rd8+ Bf8 19. Rxf8+ Kg7 20. Rg8+ Kf6 21.
Rf8+ Kg7 22. Rg8+ Kf6 23. Rd1 Rxc7 24. Rdd8 Nb6 25. Rdf8+ Ke7 26. Nxe5 fxe4 27.
g4 Kd6 28. Nf7+ Kc6 29. Nd8+ Kd6 30. Nf7+ Kc6 31. Ne5+ Kd6 32. Re8 Bxg4 33. Rxa8
Kxe5 34. Rae8+ Kf4 35. Rgf8+ Bf5 36. Bb3 Nc8 37. Bd5 Nd6 38. Ra8 b5 39. Bb3 b4
40. cxb4 cxb4 41. Kf1 Rc1+ 42. Ke2 Nb5 43. Kd2 Rh1 44. Bc4 Na3 45. Be6 Rxh2 46.
Bxf5 gxf5 47. Ke1 Rh1+ 48. Ke2 Nb5 49. Kd2 Ra1 50. Rad8 Rxa2+ 51. Ke1 Nc3 0-1

[Event "27th Czech Open A 2016"]
[Site "Pardubice CZE"]
[Date "2016.07.26"]
[Round "5.6"]
[White "Yuffa, Daniil"]
[Black "Anurag, Mhamal"]
[Result "0-1"]
[WhiteTitle "IM"]
[BlackTitle "IM"]
[WhiteElo "2502"]
[BlackElo "2392"]
[WhiteFideId "24131423"]
[BlackFideId "5024366"]
[EventDate "2016.07.22"]

1. d4 d5 2. c4 c6 3. Nf3 Nf6 4. e3 Bf5 5. Nc3 e6 6. Nh4 Be4 7. f3 Bg6 8. Qb3 Qc7
9. Bd2 Be7 10. g3 Bh5 11. Be2 dxc4 12. Qxc4 a6 13. Qb3 c5 14. d5 b5 15. dxe6 c4
16. exf7+ Bxf7 17. Qc2 Nc6 18. Nf5 Bg6 19. a3 O-O 20. Nxe7+ Qxe7 21. Qc1 Na5 22.
Bd1 Bd3 23. Ne2 Qb7 24. Nf4 Nb3 25. Bxb3 Qxf3 26. Rg1 Ng4 27. Nxd3 Nxe3 28. Bxe3
Rae8 29. Bxc4+ bxc4 30. Qxc4+ Kh8 31. Kd2 Qxe3+ 32. Kc3 Rc8 33. b3 Rfd8 34. Rad1
Qd4+ 0-1

[Event "27th Czech Open A 2016"]
[Site "Pardubice CZE"]
[Date "2016.07.26"]
[Round "5.7"]
[White "Konguvel, Ponnuswamy"]
[Black "Smirnov, Anton"]
[Result "1/2-1/2"]
[WhiteTitle "IM"]
[BlackTitle "IM"]
[WhiteElo "2379"]
[BlackElo "2478"]
[WhiteFideId "5000548"]
[BlackFideId "3208923"]
[EventDate "2016.07.22"]

1. e4 e6 2. d4 d5 3. Nc3 Bb4 4. e5 c5 5. a3 Ba5 6. b4 cxd4 7. bxa5 dxc3 8. Qg4
Kf8 9. Nf3 Nc6 10. a4 Nge7 11. Ba3 Kg8 12. h4 Qxa5 13. h5 h6 14. Rh3 Nf5 15. Qf4
Qc7 16. Bb5 a6 17. Bxc6 bxc6 18. g4 Ne7 19. Bd6 Qd7 20. Nd4 c5 21. Bxc5 Nc6 22.
Nxc6 Qxc6 23. Rf3 Qe8 24. Rb1 a5 25. Bd6 Ra6 26. Rxc3 Rc6 27. Qd4 Kh7 28. Qd3+
g6 29. Rxc6 Qxc6 30. Qf3 f5 31. hxg6+ Kxg6 32. gxf5+ exf5 33. Kd2 Qc4 34. Qe3 d4
35. Rg1+ Kh7 36. Qg3 Qf7 37. Qf4 d3 38. cxd3 Rg8 39. Rc1 Rg4 40. Qe3 Bd7 41. Rc7
Kg6 42. Bf8 Qxf8 43. Rxd7 Qb4+ 44. Ke2 Qb2+ 45. Kf3 Kh5 46. Rh7 Rg5 47. Rc7 Qb3
48. Ke2 Qa2+ 49. Kf1 Qa1+ 50. Rc1 Qxa4 51. Qf3+ Kg6 52. Qc6+ Qxc6 53. Rxc6+ Kf7
54. Ra6 Rg4 55. Rxa5 Ke6 56. Ke2 Rb4 57. Ke3 f4+ 58. Kf3 h5 59. Ra6+ Kxe5 60.
Ra5+ Ke6 61. Rxh5 Rd4 62. Ke2 Ra4 63. Kf3 Rd4 64. Ke2 Ra4 65. Rc5 Ra2+ 66. Kf3
Rd2 67. Rc3 Kf5 68. Ra3 Ke5 69. Ra5+ Ke6 70. Ra3 Ke5 1/2-1/2

[Event "27th Czech Open A 2016"]
[Site "Pardubice CZE"]
[Date "2016.07.26"]
[Round "5.8"]
[White "Puranik, Abhimanyu"]
[Black "Cerveny, Martin"]
[Result "1/2-1/2"]
[WhiteTitle "IM"]
[BlackTitle "IM"]
[WhiteElo "2475"]
[BlackElo "2384"]
[WhiteFideId "5061245"]
[BlackFideId "321141"]
[EventDate "2016.07.22"]

1. e4 c5 2. Nf3 d6 3. d4 cxd4 4. Nxd4 Nf6 5. Nc3 a6 6. h3 e6 7. g4 d5 8. Nde2
Bb4 9. a3 Bxc3+ 10. Nxc3 Nxe4 11. Nxe4 dxe4 12. Qxd8+ Kxd8 13. Bf4 Bd7 14. O-O-O
Ke8 15. Bg2 Bc6 16. Rhe1 Nd7 17. Bxe4 Rc8 18. Bd6 g5 19. Bf5 Nf8 20. Rd3 Rd8 21.
Be4 Ng6 22. Bxc6+ bxc6 23. Re4 h5 24. Ra4 hxg4 25. hxg4 Ra8 26. Rb4 Rh4 27. Bg3
Rh1+ 28. Kd2 Ne7 29. Rb7 Rg1 30. c4 Rd8 31. Rxd8+ Kxd8 32. Ra7 f5 33. gxf5 exf5
34. Be5 Ng6 35. Bf6+ Kc8 36. Kc3 g4 37. Kb4 Re1 38. Bg5 f4 39. Kc5 Re5+ 40. Kxc6
Re6+ 41. Kd5 Re5+ 42. Kc6 1/2-1/2

[Event "27th Czech Open A 2016"]
[Site "Pardubice CZE"]
[Date "2016.07.26"]
[Round "5.9"]
[White "Vykouk, Jan"]
[Black "Ganguly, Surya Shekhar"]
[Result "0-1"]
[WhiteTitle "FM"]
[BlackTitle "GM"]
[WhiteElo "2450"]
[BlackElo "2676"]
[WhiteFideId "349658"]
[BlackFideId "5002150"]
[EventDate "2016.07.22"]

1. e4 c5 2. Nf3 d6 3. d4 cxd4 4. Nxd4 Nf6 5. Nc3 a6 6. Bg5 e6 7. f4 h6 8. Bh4
Qb6 9. Qd2 Qxb2 10. Rb1 Qa3 11. e5 dxe5 12. fxe5 Nfd7 13. Ne4 Qxa2 14. Rd1 Qd5
15. Qf4 g5 16. Nf6+ Nxf6 17. Qxf6 Qa5+ 18. c3 Rg8 19. Bb5+ axb5 20. O-O Rg7 21.
Nxb5 Ra6 22. Be1 Nd7 23. c4 Nxf6 24. Bxa5 Bc5+ 25. Kh1 Nd5 26. Rxd5 exd5 27.
Nc7+ Kd7 28. Nxa6 bxa6 29. cxd5 Bd4 30. Re1 Rg8 31. Re4 Ba7 32. e6+ fxe6 33.
dxe6+ Kc6 34. e7 Re8 35. Bd8 Bc5 36. h4 Kd7 0-1

[Event "27th Czech Open A 2016"]
[Site "Pardubice CZE"]
[Date "2016.07.26"]
[Round "5.10"]
[White "Venkatesh, M.R."]
[Black "Nabaty, Tamir"]
[Result "0-1"]
[WhiteTitle "GM"]
[BlackTitle "GM"]
[WhiteElo "2445"]
[BlackElo "2622"]
[WhiteFideId "5005779"]
[BlackFideId "2809052"]
[EventDate "2016.07.22"]

1. Nf3 d5 2. c4 dxc4 3. e3 a6 4. a4 e6 5. Bxc4 Nf6 6. O-O c5 7. Qe2 Nc6 8. Rd1
Qc7 9. d4 Be7 10. Nc3 O-O 11. Bd2 Rd8 12. Be1 Bd6 13. h3 Qe7 14. dxc5 Bxc5 15.
e4 Nd7 16. e5 b6 17. Ne4 Bb7 18. Bc3 Nb4 19. Nd6 Bd5 20. Bxb4 Bxf3 21. gxf3 Bxb4
22. f4 Nf8 23. Bxa6 Ng6 24. Bb5 Bxd6 25. exd6 Rxd6 26. f5 Nf4 27. Qf3 Rad8 28.
Rxd6 Qxd6 29. fxe6 fxe6 30. Rc1 Qd2 31. Rf1 Rf8 32. b3 h6 33. Kh1 Kh7 34. Rg1
Rf5 35. Bf1 Qd4 36. Qg3 g5 37. Qf3 Kg7 38. Qe3 e5 39. Kh2 Ne6 40. Kg2 Qd5+ 41.
Kh2 Nd4 42. Bg2 Qxb3 43. Qxb3 Nxb3 44. Rb1 Nc5 45. Rxb6 Nxa4 46. Re6 Nc3 47.
Re7+ Kf6 48. Rh7 Rxf2 49. Kg3 Rd2 50. Rxh6+ Kf5 51. Bb7 Rd3+ 52. Kf2 e4 53. Bc8+
Ke5 54. Re6+ Kd5 55. Re8 e3+ 56. Kg2 Rd2+ 57. Kf3 Rf2+ 58. Kg4 e2 59. Bb7+ Kd4
60. Bf3 Kd3 61. Rd8+ Ke3 62. Re8+ Kd2 63. Bxe2 Nxe2 64. Kxg5 Rg2+ 65. Kf5 Ng3+
66. Kg4 Ne4+ 67. Kf4 Rf2+ 68. Kg4 Ke3 69. h4 Rf4+ 70. Kh5 Rf6 71. Rg8 Kf3 72.
Rg6 Ng3+ 73. Kh6 Rf8 74. Kg7 Ra8 75. Rg5 Kf4 76. Kh7 Nf5 77. Rh5 Ra6 78. Kh8 Ke5
79. Kg8 Kf6 80. Rg5 Ra8+ 81. Kh7 Ra7+ 82. Kg8 Nh6+ 0-1

[Event "27th Czech Open A 2016"]
[Site "Pardubice CZE"]
[Date "2016.07.26"]
[Round "5.11"]
[White "Nguyen, Thai Dai Van"]
[Black "Kononenko, Dmitry1"]
[Result "1/2-1/2"]
[WhiteTitle "FM"]
[BlackTitle "GM"]
[WhiteElo "2445"]
[BlackElo "2621"]
[WhiteFideId "358878"]
[BlackFideId "14113007"]
[EventDate "2016.07.22"]

1. e4 c5 2. Nf3 Nc6 3. d4 cxd4 4. Nxd4 Qc7 5. Nc3 e6 6. Be3 a6 7. Qf3 Bd6 8.
O-O-O Be5 9. Nxc6 bxc6 10. Bd4 Nf6 11. Bxe5 Qxe5 12. Qe3 Ng4 13. Qe1 O-O 14. f3
Nf6 15. Qg3 Qxg3 16. hxg3 d5 17. g4 h6 18. exd5 cxd5 19. Be2 Bd7 1/2-1/2

[Event "27th Czech Open A 2016"]
[Site "Pardubice CZE"]
[Date "2016.07.26"]
[Round "5.12"]
[White "Gopal, G.N."]
[Black "Nagy, Gabor1"]
[Result "1-0"]
[WhiteTitle "GM"]
[BlackTitle "IM"]
[WhiteElo "2565"]
[BlackElo "2439"]
[WhiteFideId "5015693"]
[BlackFideId "737119"]
[EventDate "2016.07.22"]

1. e4 c5 2. Nf3 d6 3. d4 cxd4 4. Nxd4 Nf6 5. Nc3 e5 6. Bb5+ Nbd7 7. Nf5 a6 8.
Ba4 b5 9. Bb3 Nc5 10. Bg5 Bxf5 11. exf5 Be7 12. O-O O-O 13. Bxf6 Bxf6 14. Nd5 e4
15. c3 Nd3 16. Qe2 Re8 17. a4 Rb8 18. Ra2 Re5 19. axb5 Nc5 20. Nxf6+ Qxf6 21.
Bc2 axb5 22. Qxb5 Ree8 23. Qc6 Qxf5 24. Qxd6 Rbd8 25. Qc6 Nd3 26. Ra4 Rc8 27.
Qd6 Rcd8 28. Qc6 h5 29. Rd4 Rxd4 30. Qxe8+ Kh7 31. cxd4 1-0

[Event "27th Czech Open A 2016"]
[Site "Pardubice CZE"]
[Date "2016.07.26"]
[Round "5.13"]
[White "Lalic, Bogdan"]
[Black "Jakubowski, Krzysztof"]
[Result "1/2-1/2"]
[WhiteTitle "GM"]
[BlackTitle "GM"]
[WhiteElo "2436"]
[BlackElo "2557"]
[WhiteFideId "409081"]
[BlackFideId "1112848"]
[EventDate "2016.07.22"]

1. d4 Nf6 2. c4 e6 3. Nf3 b6 4. g3 Bb7 5. Bg2 g6 6. Nc3 Ne4 7. Nxe4 Bxe4 8. O-O
Bg7 9. Bg5 Qc8 10. Qd2 h6 11. Be3 Nc6 12. d5 Ne7 13. Bd4 f6 14. dxe6 dxe6 15.
Rfd1 O-O 16. Bc3 Rd8 17. Qe3 Rxd1+ 18. Rxd1 Bc6 19. Qd3 1/2-1/2

[Event "27th Czech Open A 2016"]
[Site "Pardubice CZE"]
[Date "2016.07.26"]
[Round "5.14"]
[White "Stocek, Jiri"]
[Black "Carlsson, Pontus"]
[Result "1-0"]
[WhiteTitle "GM"]
[BlackTitle "GM"]
[WhiteElo "2550"]
[BlackElo "2435"]
[WhiteFideId "304760"]
[BlackFideId "1705814"]
[EventDate "2016.07.22"]

1. d4 Nf6 2. c4 e6 3. Nc3 Bb4 4. e3 O-O 5. Bd3 d5 6. Nf3 c5 7. O-O dxc4 8. Bxc4
Nbd7 9. a3 cxd4 10. axb4 dxc3 11. bxc3 Qc7 12. Be2 b6 13. Nd4 a6 14. c4 Bb7 15.
f3 Ne5 16. c5 Nd5 17. Qb3 Rfb8 18. e4 bxc5 19. exd5 cxd4 20. dxe6 d3 21. Bxd3
Qb6+ 22. Kh1 Qxe6 23. Qxe6 fxe6 24. Be2 Rd8 25. Bg5 Rd7 26. Ra3 Nc6 27. Bc4 Rd4
28. Bxe6+ Kh8 29. Rc3 Re8 30. Bf5 Rd5 31. g4 Rd6 32. Be4 h6 33. Bh4 Nd8 34. Bxb7
Nxb7 35. Rc7 Rb6 36. Rd1 Rd6 37. Ra1 Nd8 38. Rc8 Kh7 39. Rxd8 Rexd8 40. Bxd8
Rxd8 41. Rxa6 Rd2 42. Kg1 Rb2 43. Rb6 g5 44. h3 Kg7 45. b5 Kh7 46. Rb8 Kg7 47.
b6 Kf6 48. Kf1 Kg7 49. Ke1 Kf7 50. Kd1 Ke7 51. b7 Kd7 52. Rh8 Rxb7 53. Rxh6 Rb2
54. Rg6 Rf2 55. Rf6 Ke7 56. Rf5 Ke6 57. Ke1 Rh2 58. Rxg5 Rxh3 59. Kf2 Rh1 60.
Ra5 Kf6 61. Kg3 Rg1+ 62. Kf4 Rb1 63. Ra6+ Kg7 64. g5 Rb4+ 65. Kf5 Rb5+ 66. Kg4
Rb1 67. f4 Rc1 68. Ra7+ Kg8 69. f5 Rg1+ 70. Kh5 Rb1 71. Kg6 Rb6+ 72. f6 Rb8 73.
Rg7+ 1-0

[Event "27th Czech Open A 2016"]
[Site "Pardubice CZE"]
[Date "2016.07.26"]
[Round "5.15"]
[White "Visakh, N R"]
[Black "Chigaev, Maksim"]
[Result "1/2-1/2"]
[WhiteTitle "IM"]
[BlackTitle "IM"]
[WhiteElo "2431"]
[BlackElo "2549"]
[WhiteFideId "25012223"]
[BlackFideId "4108116"]
[EventDate "2016.07.22"]

1. e4 g6 2. d4 Bg7 3. Nc3 d6 4. Nf3 Nf6 5. Be2 O-O 6. O-O a6 7. a4 Nc6 8. h3 e5
9. Be3 exd4 10. Nxd4 Bd7 11. Nxc6 Bxc6 12. Bd4 Re8 13. f3 Nh5 14. Bxg7 Kxg7 15.
Qd4+ Kg8 16. Bc4 Nf4 17. Kh2 Qg5 18. g3 b5 19. axb5 axb5 20. Rxa8 Rxa8 21. h4
Qh5 22. Bd5 Ne6 23. Qf2 Bxd5 24. exd5 Nf8 25. Nxb5 Ra2 26. c4 Nd7 27. Nc3 Ra8
28. g4 Qh6 29. g5 Qg7 30. f4 Rb8 31. Re1 Nc5 32. Re3 h6 33. Nb5 hxg5 34. hxg5 f5
35. gxf6 Qxf6 36. b4 Nd7 37. Re6 Qf5 38. Nd4 Qh5+ 39. Kg3 Nf8 40. Re7 Rxb4 41.
Nf3 Rxc4 42. Qb2 Qh8 43. Qxh8+ Kxh8 44. Ng5 c6 45. Nf7+ Kg8 46. Nh6+ Kh8 47. Ng4
cxd5 48. Rf7 Nh7 49. Rd7 g5 50. Rd8+ Kg7 51. Rd7+ Kh8 52. Rd8+ Kg7 1/2-1/2

[Event "27th Czech Open A 2016"]
[Site "Pardubice CZE"]
[Date "2016.07.26"]
[Round "5.16"]
[White "Grinberg, Eyal"]
[Black "Babula, Vlastimil"]
[Result "0-1"]
[WhiteTitle "FM"]
[BlackTitle "GM"]
[WhiteElo "2431"]
[BlackElo "2540"]
[WhiteFideId "2806070"]
[BlackFideId "301264"]
[EventDate "2016.07.22"]

1. e4 c5 2. Nf3 d6 3. d4 cxd4 4. Nxd4 Nf6 5. Nc3 a6 6. Be3 e6 7. Be2 Be7 8. O-O
O-O 9. f4 Qc7 10. Bf3 Nc6 11. Nb3 b5 12. a3 Bb7 13. Qe1 Rac8 14. Kh1 Nd7 15. Qf2
Bf6 16. Rfd1 Bxc3 17. bxc3 Ne7 18. Rd3 Nf6 19. Bb6 Qb8 20. Re1 d5 21. e5 Ne4 22.
Qg1 Ng6 23. Qe3 f6 24. exf6 Rxf6 25. Bxe4 dxe4 26. Rd2 Bd5 27. Bd4 Rxf4 28. Nc5
Qd6 29. Qg1 Nh4 30. Be3 Rg4 31. Qf1 Rxc5 32. h3 Nf5 33. Bxc5 Qxc5 0-1

[Event "27th Czech Open A 2016"]
[Site "Pardubice CZE"]
[Date "2016.07.26"]
[Round "5.17"]
[White "Vetoshko, Volodymyr"]
[Black "Zakhartsov, Viacheslav V."]
[Result "1/2-1/2"]
[WhiteTitle "IM"]
[BlackTitle "GM"]
[WhiteElo "2430"]
[BlackElo "2532"]
[WhiteFideId "14122480"]
[BlackFideId "4115333"]
[EventDate "2016.07.22"]

1. e4 c5 2. Nf3 e6 3. d4 cxd4 4. Nxd4 Nf6 5. Nc3 d6 6. g4 h6 7. h4 Nc6 8. Rg1 h5
9. gxh5 Nxh5 10. Bg5 Nf6 11. Qd2 Qb6 12. Nb3 a6 13. O-O-O Bd7 14. Kb1 Qc7 15.
Be2 b5 16. a3 Rb8 17. f4 b4 18. axb4 Nxb4 19. f5 e5 20. h5 Bc6 21. Bf3 Nd7 22.
Nd5 Bxd5 23. exd5 a5 24. Rg4 Nf6 25. Bxf6 gxf6 26. Qe2 Qb6 27. Rc4 a4 28. c3
axb3 29. Rxb4 Qa7 30. Rxb8+ Qxb8 31. Qa6 Rg8 32. c4 Rg3 33. c5 dxc5 34. Qc6+ Kd8
35. Be2 Bd6 36. Rh1 Ke7 37. Bb5 Kf8 38. h6 Kg8 39. Qd7 Qf8 40. h7+ Kh8 41. Qa7
Qg7 42. Qa8+ Bf8 43. Bf1 Re3 44. Bc4 Rh3 45. d6 Rxh1+ 46. Qxh1 Bxd6 47. Bxb3
Qxh7 48. Qxh7+ Kxh7 49. Kc2 e4 50. Bd5 e3 51. Kd3 Bf4 52. b3 Kh6 53. Bxf7 Kg5
54. Be6 Kg4 55. Ke2 Bg5 56. Bd7 Kf4 1/2-1/2